Normal view
MARC view
Entry Personal Name
001 - CONTROL NUMBER
- control field: 15759
003 - CONTROL NUMBER IDENTIFIER
- control field: HDC
005 - DATE AND TIME OF LATEST TRANSACTION
- control field: 20230624073450.0
008 - FIXED-LENGTH DATA ELEMENTS
- fixed length control field: 210219|| aca||aabn | a|a d
040 ## - CATALOGING SOURCE
- Original cataloging agency: HDC
- Transcribing agency: HDC
100 ## - HEADING--PERSONAL NAME
- Personal name: Muhammad Yusri Muzamir
670 ## - SOURCE DATA FOUND
- Source citation: Work cat.: (HDC): Muhammad Yusri Muzamir, author, Ilham Dagang raih untung RM45,000 / , 2014
